Arbitration
| Main Author: | |
|---|---|
| Format: | Book |
| Published: |
London :
Sweet and Maxwell ,
1980
|
| Subjects: |
MARC
| LEADER | 00000cam a2200000 7i4500 | ||
|---|---|---|---|
| 001 | 0000009257 | ||
| 005 | 20161123.0 | ||
| 040 | |a INS | ||
| 090 | 0 | 0 | |a KD7645.Z9 |b K39 1980 |
| 100 | 1 | |a Kay, Maurice | |
| 245 | 1 | 0 | |a Arbitration |c Maurice Kay |
| 260 | |a London : |b Sweet and Maxwell , |c 1980 | ||
| 300 | |a 90p ; |c 19cm. | ||
| 500 | |a Includes index | ||
| 650 | 0 | 0 | |a Arbitration (Administrative Law) |
| 999 | |a 0000022370 |b BOOK |c Open Shelf |e Default branch | ||